000 01654nam a2200505 i 4500
001 5013
003 KOSZ 005
005 20200522141508.0
008 200522s1972 pl a f 000 0 pol
015 _aUWD 1973/216
035 _a991033897629705066
035 _a(PL-WaBN)b19068578-48omnis_nlop
035 _ab19068578
035 _a(OCoLC)749236829
035 _a(PL)b0000001906857
035 _a(EXLNZ-48OMNIS_NETWORK)9910091539705606
040 _aWA N
_cWA N
_dKOSZ 005/AR
046 _k1972
080 _a626/627
080 _a(07)
245 0 0 _aBudowle piętrzące /
_cKonstanty Fanti [i inni] ; [redakcja naukowa Ewa Wawrzyńczak].
260 _aWarszawa :
_b"Arkady",
_c1972.
300 _a393, [3] strony :
_bilustracje, errata ;
_c23 cm.
336 _aTekst
_btxt
_2rdacontent
337 _aBez urządzenia pośredniczącego
_bn
_2rdamedia
338 _aWolumin
_bnc
_2rdacarrier
380 _aKsiążki
380 _aPublikacje dydaktyczne
388 _a1901-2000
388 _a1945-1989
500 _aMiędzynarodowy Rok Książki 1972
504 _aBibliografia.
650 7 _aHydrotechnika
_2DBN
650 7 _aZapory wodne
_2DBN
650 7 _aJazy
650 7 _aBudowa i konstrukcje
_2DBN
655 7 _aPodręcznik
_2DBN
658 _aInżynieria i technika
700 1 _aFanti, Konstanty
_d(1925-2009)
_eAutor
700 1 _aWawrzyńczak, Ewa
_eRedakcja
710 2 _4pbl
_aWydawnictwo Arkady
856 _uhttp://koha.tu.koszalin.pl/cgi-bin/koha/opac-detail.pl?biblionumber=5013
_yKatalog online BPK
942 _2UKD
_cKS
999 _c5013
_d5013